LDR 00645naa#a2200181#i#450# 001 EN\INFRA-M\bibl\122803 005 20260514213626.4 011 ## _a1998-0701 100 ## _a20260430b2026####ek#y0engy0150####ca 102 ## _aRU 200 1# _aSpecifics of Accounting for Hybrid Financial Instruments in the Consolidated Financial Statements of Energy Companies _eJournal article 210 1# _aMoscow _cINFRA-M Academic Publishing LLC. _d2026 215 ## _a11 с. 608 ## _aJournal article _2local 675 ## _aПроверка отчетности. Аудит. Ревизия. 657.6 _z 700 #1 _aSimonova _gM. D. 700 #1 _aZhideleva _gM. S. 856 4# _anaukaru.ru _u